01179nam a2200301 i 4500001001000000003000900010005001700019007000300036008004100039020001500080040003000095049000900125082000700134100004700141245007800188264003000266300002800296336002700324337003300351338002800384490002100412500007300433590002600506942001400532952012300546952019100669999001700860000033901DO-SdBNP20240527113002.0ta110914s1987 es 000 0 spa d a8400066650 aDO-SdBNPbspacBNPHUerda aBNPD 42221 aRobles Muñoz, Cristóbal,959343eautor10aPaz en Santo Domingo 1854-1865 :bel fracaso de la anexión a España / aMadrid :bC.S.I.C,c1987. a256 páginas ;c22 cm. 2rdacontentatextobtxt 2rdamediaasin mediaciónbn 2rdacarrieravolumenbnc aMonografíasv4 aIncluye referencias bibliográficas y notas al pie de las páginas aInventariado, 2024/BT 2ddccLBS1 00102ddc51708PDaBNPHUbBNPHUcCTd2011-09-14l0o BNPHU PD p33901-10r2020-06-25w2020-06-25yLBS1ZNo se presta 00102ddc51708PDaBNPHUbBNPHUcCTd2024-05-27eDonaciónl0oBNPHU PD p2024-3158r2024-05-27te.2w2024-05-27yLBS1zPerteneció a la biblioteca personal de Emilio Cordero Michel. c33392d33392